| 000 | 00789nam a22002417i 4500 | ||
|---|---|---|---|
| 999 |
_c22889 _d22889 |
||
| 003 | AR-CdUCM | ||
| 008 | 240510b20212021 pe||||| |||| 00| 0 spa d | ||
| 020 | _a978-612-00-7246-2 | ||
| 040 |
_aMUNICIPALIDAD PROVINCIAL DEL CUSCO _cBIBLIOTECA MUNICIPAL DEL CUSCO |
||
| 082 |
_a869.51 / M22Y _bM22Y |
||
| 100 |
_aManya Salas, Jesús. _949550 |
||
| 245 | _aYawarchasqa Tuko Terruko / | ||
| 260 |
_aCusco : _bEl Viejo Puma Editores, _c2021 |
||
| 300 |
_a52 Páginas. : _c21 cm. |
||
| 650 |
_aK'achay K'anchay _949801 |
||
| 650 |
_aYana quetekuna _949802 |
||
| 650 |
_aPillpintuq phalariynin _949803 |
||
| 650 |
_aChhallu Chhallukuy _949804 |
||
| 650 |
_aApu Yayapas Waqananaypin _949805 |
||
| 650 |
_aTusuy tusuywan k'ancharisun _949806 |
||
| 942 |
_2ddc _cLIBROS |
||
| 945 |
_apbj _d2024-05-10 |
||